| 000 | 00813cam a22002531 4500 | ||
|---|---|---|---|
| 001 | 32428 | ||
| 003 | BD-RjUL | ||
| 005 | 20211209051832.0 | ||
| 008 | 140426s1957 nyuabc b 001 0 eng | ||
| 035 | _a(BD-RjUL)32517 | ||
| 040 |
_aDLC _cDLC _dDLC _dBD-RjUL _beng |
||
| 041 | _aeng | ||
| 082 | 0 | 0 |
_a150.72 _bBOH 1957 |
| 100 | 1 |
_aBoring, Edwin Garrigues. _d1886-1968. _988221 |
|
| 245 | 0 | 2 |
_aA history of experimental psychology / _cEdwin Garrigues Boring, |
| 250 | _a2d ed. | ||
| 260 |
_aNew York : _bAppleton-Century-Crofts, _cc1957. |
||
| 300 |
_axxi, 777 p. : _billus., port., map (on lining papers) ; _c25 cm. |
||
| 490 | 0 | _aThe Century psychology series | |
| 504 | _aIncludes bibliographies & Index. | ||
| 650 | 0 |
_aPsychology, Experimental _xHistory. _988222 |
|
| 942 |
_2ddc _cBK |
||
| 999 |
_c32428 _d32428 |
||